00249nam a2200097Ia 4500100003600000654002700036245003800063260003000101300000800131546001200139 aYakowitz/ S./ Sqidarovszky/ F.  anumerical computations aIntrod. to numerical computations bMacmillanaNew Yorkc1990 a462 aENGLISH